UBT Library

Issues across the curriculum : (Record no. 40798)

000 -LEADER
fixed length control field 00718pam a2200229 a 4500
001 - CONTROL NUMBER
control field 2579346
005 - DATE AND TIME OF LATEST TRANSACTION
control field 20180123084748.0
008 - FIXED-LENGTH DATA ELEMENTS--GENERAL INFORMATION
fixed length control field 960619s1997 cau b 001 0 eng
010 ## - LIBRARY OF CONGRESS CONTROL NUMBER
LC control number 96021081
020 ## - INTERNATIONAL STANDARD BOOK NUMBER
International Standard Book Number 1559345705
040 ## - CATALOGING SOURCE
Original cataloging agency DLC
Transcribing agency DLC
Modifying agency DLC
041 ## - LANGUAGE CODE
Language code of text/sound track or separate title eng
080 ## - UNIVERSAL DECIMAL CLASSIFICATION NUMBER
Universal Decimal Classification number 808.0427 DOL
082 00 - DEWEY DECIMAL CLASSIFICATION NUMBER
Classification number 808.0427 DOL
Edition number 20
100 1# - Rafti
Rafti 50
101 ## - Shkurtesa
Shkurtesa PSI
245 10 - TITLE STATEMENT
Title Issues across the curriculum :
Statement of responsibility, etc Dolores laGuardia, Hans P. Guth.
504 ## - BIBLIOGRAPHY, ETC. NOTE
Bibliography, etc Includes bibliographical references and index.
906 ## - LOCAL DATA ELEMENT F, LDF (RLIN)
a 7
b cbc
c orignew
d 1
e ocip
f 19
g y-gencatlg
942 ## - ADDED ENTRY ELEMENTS (KOHA)
Source of classification or shelving scheme
Item type Books
Holdings
Withdrawn status Lost status Source of classification or shelving scheme Damaged status Not for loan Collection code Permanent location Current location Shelving location Date acquired Total Checkouts Full call number Barcode Date last seen Price effective from Koha item type
          Koleksioni i përgjithshem UBT - Lipjan UBT - Lipjan Koleksioni i përgjithshem 01/23/2018   808.0427 DOL 002-2996268 01/23/2018 01/23/2018 Books
UBT Library © 2015-2024. All rights reserved University Education for Business and Technology